000 00302pam a2200133 a 4500
020 _c
041 _aeng
100 _aBedell.K.S.
245 _aStrongly Corrected Electronic Materials
_hTextual Documents
260 _a[s.l]:
_bAddison Wesley
300 _a672p.
700 _aWang.Z.
930 _a13802
999 _c90703
_d90703